[Event "Belgrade Trophy 28th"]
[Site "Belgrade"]
[Date "2014.11.26"]
[Round "3"]
[White "Demir, Gokhan"]
[Black "Nenezic, Marko"]
[Result "0-1"]
[WhiteElo "2195"]
[BlackElo "2459"]
[PlyCount "86"]
[EventDate "2014.11.24"]
[EventType "swiss"]
[EventRounds "9"]
[EventCountry "SRB"]
[SourceTitle "CBM 163 Extra"]
[Source "ChessBase"]
[SourceDate "2014.12.23"]
[SourceVersion "1"]
[SourceVersionDate "2014.12.23"]
[SourceQuality "1"]

1. d4 Nf6 2. c4 d6 3. Nc3 e5 4. Nf3 Nbd7 5. Bg5 Be7 6. Qc2 c6 7. e3 a6 8. Be2 0-0 9. 0-0 Ne8 10. Bxe7 Qxe7 11. e4 g6 12. Rfe1 Nef6 13. Bf1 b5 14. d5 cxd5 15. Nxd5 Nxd5 16. exd5 Bb7 17. cxb5 axb5 18. Bxb5 Bxd5 19. Qd1 Nf6 20. a4 Qb7 21. Re3 Rfc8 22. Rc1 Ne4 23. b4 Kg7 24. Ne1 f5 25. Rxc8 Rxc8 26. Ba6 Qxa6 27. Qxd5 Qc4 28. Qxc4 Rxc4 29. f3 Nc3 30. a5 Kf6 31. a6 Nb5 32. Re2 Rxb4 33. Ra2 Na7 34. Nc2 Rb6 35. Ne3 Ke6 36. Ra5 Rb5 37. Ra2 Rb6 38. Ra5 Rb5 39. Ra4 d5 40. f4 exf4 41. Rxf4 Ra5 42. Rd4 Nc6 43. Rd3 f4 0-1

[Event "TUR-ch"]
[Site "Antalya"]
[Date "2013.02.08"]
[Round "10"]
[White "Yaver, Faik Emre"]
[Black "Demir, Gokhan"]
[Result "1/2-1/2"]
[WhiteElo "1901"]
[BlackElo "2231"]
[PlyCount "72"]
[EventDate "2013.02.02"]
[EventType "swiss"]
[EventRounds "11"]
[EventCountry "TUR"]
[SourceTitle "CBM 152 Extra"]
[Source "ChessBase"]
[SourceDate "2013.02.25"]
[SourceVersion "1"]
[SourceVersionDate "2013.02.25"]
[SourceQuality "1"]

1. e4 c5 2. Nf3 Nc6 3. d4 cxd4 4. Nxd4 d5 5. Bb5 dxe4 6. Nxc6 Qxd1+ 7. Kxd1 a6 8. Ba4 Bd7 9. Nc3 Bxc6 10. Bxc6+ bxc6 11. Nxe4 f5 12. Ng5 e5 13. Ne6 Kf7 14. Nxf8 Rxf8 15. Be3 Nf6 16. Ke2 f4 17. Bc5 Rd8 18. Rhd1 Rd5 19. Ba3 Rhd8 20. c4 Rxd1 21. Rxd1 Rxd1 22. Kxd1 Ng4 23. Ke2 Nxh2 24. f3 g5 25. Bc5 g4 26. b4 Ke6 27. a4 e4 28. fxe4 f3+ 29. gxf3 Nxf3 30. b5 axb5 31. cxb5 cxb5 32. axb5 h5 33. Ke3 h4 34. Kf4 h3 35. Kg3 Kd7 36. Be3 h2 1/2-1/2

[Event "TUR-ch"]
[Site "Antalya"]
[Date "2013.02.04"]
[Round "4"]
[White "Ipatov, Alexander"]
[Black "Demir, Gokhan"]
[Result "1-0"]
[WhiteElo "2569"]
[BlackElo "2231"]
[PlyCount "107"]
[EventDate "2013.02.02"]
[EventType "swiss"]
[EventRounds "11"]
[EventCountry "TUR"]
[SourceTitle "CBM 152 Extra"]
[Source "ChessBase"]
[SourceDate "2013.02.25"]
[SourceVersion "1"]
[SourceVersionDate "2013.02.25"]
[SourceQuality "1"]

1. c4 Nf6 2. g3 c5 3. Bg2 d5 4. cxd5 Nxd5 5. Nc3 Nc7 6. f4 g6 7. b3 Bg7 8. Bb2 0-0 9. Qc1 Nd7 10. Ne4 b6 11. Bxg7 Kxg7 12. Qb2+ f6 13. Nf2 Rb8 14. Nf3 Bb7 15. 0-0 Bxf3 16. Bxf3 e5 17. e3 Ne6 18. b4 exf4 19. gxf4 cxb4 20. Qxb4 f5 21. Rac1 Nf6 22. Qa3 Rf7 23. Nd3 Rc8 24. Ne5 Rxc1 25. Rxc1 Rc7 26. Rxc7+ Qxc7 27. Nc6 a5 28. d4 Ne4 29. Bxe4 fxe4 30. d5 Nc5 31. Qc3+ Kh6 32. Qf6 Qd7 33. Qg5+ Kg7 34. Nd4 Qh3 35. f5 Kf7 36. a3 Qh5 37. Qxh5 gxh5 38. Kg2 Kf6 39. Kg3 b5 40. Nxb5 Kxf5 41. Kh4 Nd7 42. d6 Nf6 43. Nc7 Kg6 44. Nd5 Nd7 45. Nc3 Kf5 46. Kxh5 Ke5 47. Kh6 Kxd6 48. Kxh7 Nf6+ 49. Kg6 Ng4 50. h4 Nxe3 51. h5 Nd5 52. Nxe4+ Ke5 53. h6 Nf4+ 54. Kf7 1-0

[Event "TUR-ch"]
[Site "Antalya"]
[Date "2013.02.02"]
[Round "1"]
[White "Demir, Gokhan"]
[Black "Gunes, Adem"]
[Result "1-0"]
[WhiteElo "2231"]
[BlackElo "1711"]
[PlyCount "41"]
[EventDate "2013.02.02"]
[EventType "swiss"]
[EventRounds "11"]
[EventCountry "TUR"]
[SourceTitle "CBM 152 Extra"]
[Source "ChessBase"]
[SourceDate "2013.02.25"]
[SourceVersion "1"]
[SourceVersionDate "2013.02.25"]
[SourceQuality "1"]

1. d4 c5 2. d5 e6 3. Nc3 Nf6 4. e4 exd5 5. e5 Qe7 6. Qe2 Ne4 7. Nxd5 Qxe5 8. Nc3 d5 9. f3 f5 10. fxe4 fxe4 11. Nf3 Qd6 12. Bg5 h6 13. Nb5 Qb6 14. Bf4 Na6 15. Ne5 g6 16. 0-0-0 Nb4 17. a3 Nd3+ 18. cxd3 Qxb5 19. dxe4 Qxe2 20. Bxe2 dxe4 21. Bb5+ 1-0

[Event "Belgrade Trophy 26th"]
[Site "Belgrade"]
[Date "2012.12.02"]
[Round "9"]
[White "Demir, Gokhan"]
[Black "Savicevic, Vlatko"]
[Result "0-1"]
[WhiteElo "2212"]
[BlackElo "2310"]
[PlyCount "82"]
[EventDate "2012.11.24"]
[EventType "swiss"]
[EventRounds "9"]
[EventCountry "SRB"]
[SourceTitle "CBM 151 Extra"]
[Source "ChessBase"]
[SourceDate "2012.12.18"]
[SourceVersion "1"]
[SourceVersionDate "2012.12.18"]
[SourceQuality "1"]

1. d4 d5 2. c4 e6 3. Nc3 Be7 4. Nf3 Nf6 5. Bg5 h6 6. Bh4 0-0 7. e3 b6 8. Be2 dxc4 9. Bxc4 Bb7 10. 0-0 Nbd7 11. Qe2 a6 12. Rac1 b5 13. Bd3 c5 14. Bxf6 Bxf6 15. Be4 Bxe4 16. Nxe4 cxd4 17. Nxf6+ Nxf6 18. Nxd4 Qd5 19. Nc6 Rfe8 20. b4 Qd6 21. Rfd1 Qf8 22. e4 Rec8 23. a3 Rc7 24. Rc5 Kh8 25. Rdc1 Nd7 26. R5c2 Rac8 27. Na5 Qd6 28. g3 Ne5 29. Nb7 Rxc2 30. Rxc2 Rxc2 31. Qxc2 Qd4 32. Kg2 Nc4 33. Nc5 Nxa3 34. Qb3 Nc4 35. Qf3 Ne5 36. Qf4 a5 37. Nb3 Qxb4 38. Nxa5 Qxa5 39. Qxe5 Qb6 40. Qf4 Kg8 41. g4 b4 0-1

[Event "Belgrade Trophy 26th"]
[Site "Belgrade"]
[Date "2012.11.30"]
[Round "7"]
[White "Demir, Gokhan"]
[Black "Ugrcic, Zoran"]
[Result "1-0"]
[WhiteElo "2212"]
[BlackElo "2037"]
[PlyCount "55"]
[EventDate "2012.11.24"]
[EventType "swiss"]
[EventRounds "9"]
[EventCountry "SRB"]
[SourceTitle "CBM 151 Extra"]
[Source "ChessBase"]
[SourceDate "2012.12.18"]
[SourceVersion "1"]
[SourceVersionDate "2012.12.18"]
[SourceQuality "1"]

1. d4 f5 2. Nc3 g6 3. h4 d5 4. h5 Bg7 5. Nf3 Be6 6. Bf4 c6 7. Ne5 Bf7 8. g4 e6 9. g5 Nd7 10. Nxd7 Qxd7 11. h6 Nxh6 12. gxh6 Bf6 13. Qd2 Qe7 14. Rg1 e5 15. dxe5 Bxe5 16. Bxe5 Qxe5 17. f4 Qe7 18. 0-0-0 0-0-0 19. e3 Rhe8 20. Rg3 Rd6 21. Qd4 Kb8 22. Qg7 Bg8 23. Qxe7 Rxe7 24. Bd3 Rde6 25. Kd2 Kc7 26. Ne2 c5 27. c3 Rd6 28. Bxf5 1-0

[Event "Belgrade Trophy 26th"]
[Site "Belgrade"]
[Date "2012.11.29"]
[Round "6"]
[White "Kontic, Djordjije"]
[Black "Demir, Gokhan"]
[Result "1-0"]
[WhiteElo "2336"]
[BlackElo "2212"]
[PlyCount "71"]
[EventDate "2012.11.24"]
[EventType "swiss"]
[EventRounds "9"]
[EventCountry "SRB"]
[SourceTitle "CBM 151 Extra"]
[Source "ChessBase"]
[SourceDate "2012.12.18"]
[SourceVersion "1"]
[SourceVersionDate "2012.12.18"]
[SourceQuality "1"]

1. e4 c5 2. Ne2 Nc6 3. Nbc3 Nf6 4. d4 cxd4 5. Nxd4 d6 6. Bc4 e6 7. Be3 a6 8. Qe2 Qc7 9. 0-0-0 Be7 10. Bb3 Na5 11. Kb1 b5 12. f3 Nxb3 13. cxb3 0-0 14. Rc1 Qb7 15. g4 Bd7 16. h4 Rfc8 17. h5 b4 18. Na4 Bxa4 19. bxa4 Rxc1+ 20. Rxc1 Rc8 21. Rxc8+ Qxc8 22. Qc2 Qxc2+ 23. Kxc2 d5 24. Nc6 Kf8 25. e5 Nd7 26. f4 f6 27. a5 fxe5 28. fxe5 Ke8 29. Bd4 Bf8 30. a3 bxa3 31. b4 a2 32. Kb2 a1Q+ 33. Kxa1 Be7 34. b5 axb5 35. a6 Bc5 36. Bxc5 1-0

[Event "Belgrade Trophy 26th"]
[Site "Belgrade"]
[Date "2012.11.28"]
[Round "5"]
[White "Demir, Gokhan"]
[Black "Damljanovic, Branko"]
[Result "0-1"]
[WhiteElo "2212"]
[BlackElo "2576"]
[PlyCount "123"]
[EventDate "2012.11.24"]
[EventType "swiss"]
[EventRounds "9"]
[EventCountry "SRB"]
[SourceTitle "CBM 151 Extra"]
[Source "ChessBase"]
[SourceDate "2012.12.18"]
[SourceVersion "1"]
[SourceVersionDate "2012.12.18"]
[SourceQuality "1"]

1. d4 d6 2. Nf3 Nf6 3. c4 g6 4. Nc3 Bf5 5. e3 Bg7 6. Bd3 Bd7 7. b4 0-0 8. a3 Nc6 9. Bb2 e5 10. dxe5 Nxe5 11. Nxe5 dxe5 12. Ne4 Ne8 13. Nc5 Bc8 14. h4 Qe7 15. Nb3 Nf6 16. Qc2 b6 17. e4 Bd7 18. Qc3 Nh5 19. 0-0-0 Nf4 20. g3 Ne6 21. h5 c5 22. h6 Bh8 23. f4 Ba4 24. f5 Nd4 25. Nxd4 exd4 26. Qe1 Bxd1 27. Kxd1 Be5 28. Bc1 cxb4 29. axb4 a5 30. b5 a4 31. Rh2 a3 32. Ra2 Ra4 33. g4 Rfa8 34. Bd2 g5 35. Qh1 f6 36. Bc2 R4a7 37. Bd3 Kh8 38. Qe1 Qf8 39. Qh1 Ra4 40. Kc2 Qf7 41. Kb3 Qa7 42. Kc2 Qc7 43. Kb3 R4a7 44. Bb4 Bd6 45. Bd2 Ra4 46. Qf1 Bc5 47. Qh3 R4a7 48. Qg2 Re8 49. Bc1 Raa8 50. Re2 a2 51. Rxa2 Rxa2 52. Kxa2 Qa7+ 53. Kb1 Ra8 54. Qb2 Qa4 55. e5 Qd1 56. Be4 Ra3 57. Bc2 Qe1 58. exf6 Kg8 59. f7+ Kxf7 60. f6 d3 61. Bxd3 Rxd3 62. Qc2 0-1

[Event "Dos Hermanas Internet qual-C 10th"]
[Site "ICC INT"]
[Date "2009.03.14"]
[Round "9"]
[White "Michailov, Matias"]
[Black "Demir, Gokhan"]
[Result "0-1"]
[WhiteElo "1820"]
[BlackElo "2239"]
[PlyCount "58"]
[EventDate "2009.03.14"]
[EventType "swiss (blitz)"]
[EventRounds "12"]
[EventCountry "ESP"]
[SourceTitle "CBM 129 Extra"]
[Source "ChessBase"]
[SourceDate "2009.05.05"]
[SourceVersion "2"]
[SourceVersionDate "2009.05.20"]
[SourceQuality "1"]

1. Nf3 c6 2. g3 d5 3. Bg2 Nf6 4. 0-0 g6 5. d3 Bg7 6. Nbd2 0-0 7. e4 Bg4 8. h3 Bxf3 9. Bxf3 e6 10. exd5 cxd5 11. c4 Nc6 12. Nb3 Ne5 13. Be2 Rc8 14. f4 Nc6 15. Be3 b6 16. Bf3 Qd7 17. Kh2 Rfd8 18. a4 dxc4 19. dxc4 Qxd1 20. Rfxd1 Nb4 21. Rxd8+ Rxd8 22. Rd1 Rxd1 23. Bxd1 Nd7 24. Bd2 Nd3 25. Bf3 Nxb2 26. Bc6 Nb8 27. Bb5 a6 28. Be3 axb5 29. cxb5 Nxa4 0-1

[Event "Budapest FS12 IM"]
[Site "Budapest"]
[Date "2008.12.11"]
[Round "6"]
[White "Karolyi, Tibor Jr"]
[Black "Demir, Gokhan"]
[Result "1/2-1/2"]
[WhiteElo "2363"]
[BlackElo "2239"]
[PlyCount "64"]
[EventDate "2008.12.06"]
[EventType "tourn"]
[EventRounds "13"]
[EventCountry "HUN"]
[EventCategory "1"]
[SourceTitle "CBM 127 Extra"]
[Source "ChessBase"]
[SourceDate "2009.01.08"]
[SourceVersion "2"]
[SourceVersionDate "2009.01.28"]
[SourceQuality "1"]

1. d4 Nf6 2. Nf3 g6 3. c3 Bg7 4. Nbd2 d5 5. e3 0-0 6. Bd3 Nbd7 7. 0-0 e5 8. Nxe5 Nxe5 9. dxe5 Ng4 10. Nf3 Nxe5 11. Nxe5 Bxe5 12. Qc2 Re8 13. b3 Qh4 14. g3 Qf6 15. Bb2 Bh3 16. Rfd1 Qf3 17. Bf1 Bf5 18. Qe2 Be4 19. Qxf3 Bxf3 20. Rd2 a5 21. Bg2 Bxg2 22. Kxg2 c6 23. a4 Rad8 24. Rad1 f5 25. h4 Kf7 26. Kf3 Ke6 27. Ke2 h6 28. Ba1 Bf6 29. c4 Bxa1 30. cxd5+ Rxd5 31. Rxd5 cxd5 32. Rxa1 Rc8 1/2-1/2

[Event "Budapest FS12 IM"]
[Site "Budapest"]
[Date "2008.12.06"]
[Round "1"]
[White "Demir, Gokhan"]
[Black "Yatzenko, Anton"]
[Result "1/2-1/2"]
[WhiteElo "2239"]
[BlackElo "2267"]
[PlyCount "98"]
[EventDate "2008.12.06"]
[EventType "tourn"]
[EventRounds "13"]
[EventCountry "HUN"]
[EventCategory "1"]
[SourceTitle "CBM 127 Extra"]
[Source "ChessBase"]
[SourceDate "2009.01.08"]
[SourceVersion "2"]
[SourceVersionDate "2009.01.28"]
[SourceQuality "1"]

1. d4 Nf6 2. c4 e6 3. Nc3 Bb4 4. e3 0-0 5. Nge2 d5 6. a3 Be7 7. Ng3 c5 8. dxc5 Bxc5 9. b4 Be7 10. Bb2 Nc6 11. cxd5 exd5 12. Bd3 a5 13. b5 Ne5 14. Nce2 Nc4 15. Bxc4 dxc4 16. Qxd8 Rxd8 17. Nd4 Nd5 18. Ne4 f5 19. Nc3 Nf4 20. exf4 Rxd4 21. Rd1 Bf6 22. Rxd4 Bxd4 23. Ke2 Be6 24. Rd1 Bc5 25. a4 Re8 26. Kf1 Bb4 27. h3 Kf7 28. Ne2 Re7 29. Be5 c3 30. Nxc3 Bb3 31. Rb1 Bc4+ 32. Kg1 g5 33. Rc1 gxf4 34. Bxf4 Bb3 35. Rb1 Be6 36. Rc1 Rd7 37. Be5 Rd3 38. Ne2 Rd5 39. Rc7+ Rd7 40. Rxd7+ Bxd7 41. Nd4 Be6 42. f4 Bd5 43. Nxf5 Bb3 44. Nd6+ Bxd6 45. Bxd6 Bxa4 46. Bc7 Bxb5 47. Bxa5 h5 48. Kf2 Bd7 49. Bb6 Kg6 1/2-1/2

[Event "EU-ch 4th"]
[Site "Istanbul"]
[Date "2003.06.10"]
[Round "10"]
[White "Kayar, Mehmet Erdem"]
[Black "Demir, Gokhan"]
[Result "0-1"]
[WhiteElo "2077"]
[BlackElo "2245"]
[PlyCount "142"]
[EventDate "2003.05.30"]
[EventType "swiss"]
[EventRounds "13"]
[EventCountry "TUR"]
[SourceTitle "CBM 096"]
[Source "ChessBase"]
[SourceDate "2003.09.25"]
[SourceVersion "1"]
[SourceVersionDate "2003.09.25"]
[SourceQuality "1"]

1. e4 Nc6 2. d4 d5 3. Nc3 a6 4. exd5 Nb4 5. Bc4 Nf6 6. h3 Nbxd5 7. Nf3 Bf5 8. Ne5 e6 9. Ne2 c5 10. Ng3 Bg6 11. 0-0 Qc7 12. Bxd5 Nxd5 13. c4 Nb4 14. Qa4+ Nc6 15. Nxg6 hxg6 16. d5 Qa5 17. Qb3 Nd8 18. dxe6 fxe6 19. Qd3 Qc7 20. Qxg6+ Qf7 21. Qe4 Be7 22. Be3 Rh4 23. Qc2 Nc6 24. Rad1 Nd4 25. Bxd4 cxd4 26. Qa4+ Kf8 27. Qd7 Bf6 28. Qxf7+ Kxf7 29. f4 Rd8 30. Rd3 Kg6 31. f5+ exf5 32. Nxf5 Re4 33. g4 Kg5 34. Ng3 Re3 35. Rxe3 dxe3 36. Ne4+ Kh4 37. Nxf6 gxf6 38. Rf3 Rd1+ 39. Kg2 e2 40. Rf5 e1N+ 41. Kf2 Kxh3 42. Ke2 Rb1 43. Rxf6 Ng2 44. Rb6 Re1+ 45. Kf2 Re7 46. Rh6+ Nh4 47. g5 Kg4 48. b4 Kxg5 49. Rb6 Ng6 50. a4 Ne5 51. Rd6 Nxc4 52. Rd5+ Re5 53. Rd7 b5 54. Rc7 Nb2 55. axb5 axb5 56. Rg7+ Kf6 57. Rg3 Nc4 58. Rh3 Ke6 59. Rh8 Kd5 60. Rc8 Kd4 61. Kf3 Kc3 62. Rb8 Kxb4 63. Kf4 Kc3 64. Rh8 b4 65. Rh3+ Re3 66. Rh1 Re2 67. Kf3 Rc2 68. Ke4 b3 69. Rh3+ Kb4 70. Kd5 b2 71. Rh8 Nb6+ 0-1

[Event "Budapest FS03 IM-B"]
[Site "Budapest"]
[Date "1994.??.??"]
[Round "7"]
[White "Demir, Gokhan"]
[Black "Kerek, Csaba"]
[Result "0-1"]
[WhiteElo "2235"]
[BlackElo "2150"]
[PlyCount "76"]
[EventDate "1994.03.??"]
[EventType "tourn"]
[EventRounds "9"]
[EventCountry "HUN"]
[EventCategory "2"]
[SourceTitle "EXT 1997"]
[Source "ChessBase"]
[SourceDate "1996.11.15"]
[SourceVersion "1"]
[SourceVersionDate "1996.11.15"]
[SourceQuality "1"]

1. d4 Nf6 2. c4 g6 3. Nc3 Bg7 4. e4 d6 5. f3 c6 6. Be3 Nbd7 7. Nh3 0-0 8. d5 Ne5 9. Nf2 Qa5 10. Be2 Qb4 11. Qb3 a5 12. 0-0 Bd7 13. Nd3 Nxd3 14. Bxd3 Rfb8 15. Qc2 a4 16. a3 Qa5 17. Qf2 b5 18. cxb5 cxb5 19. Na2 e6 20. Nb4 Qd8 21. Rfd1 Qe8 22. Bf1 e5 23. Rac1 Rc8 24. Qe1 Nh5 25. Rd3 Nf4 26. Rdc3 Qd8 27. Rxc8 Rxc8 28. Rxc8 Qxc8 29. Qc1 Qd8 30. Kh1 Qf6 31. Nc6 Bh6 32. Bxb5 Qh4 33. Bf1 Qh5 34. Qd1 Nxg2 35. Bxh6 Nh4 36. Be3 Nxf3 37. Bg1 Bg4 38. Qc2 Ne1 0-1

[Event "Budapest FS03 IM-B"]
[Site "Budapest"]
[Date "1994.??.??"]
[Round "3"]
[White "Izsak, Gyula"]
[Black "Demir, Gokhan"]
[Result "1-0"]
[WhiteElo "2365"]
[BlackElo "2235"]
[PlyCount "79"]
[EventDate "1994.03.??"]
[EventType "tourn"]
[EventRounds "9"]
[EventCountry "HUN"]
[EventCategory "2"]
[SourceTitle "EXT 1997"]
[Source "ChessBase"]
[SourceDate "1996.11.15"]
[SourceVersion "1"]
[SourceVersionDate "1996.11.15"]
[SourceQuality "1"]

1. d4 Nc6 2. Nf3 d6 3. d5 Ne5 4. Nxe5 dxe5 5. e4 Nf6 6. Bd3 e6 7. c4 Bc5 8. Bg5 Bd4 9. Nc3 c6 10. 0-0 h6 11. Bh4 g5 12. Bg3 h5 13. h3 h4 14. Bh2 g4 15. hxg4 exd5 16. exd5 Nxg4 17. Qf3 Rh6 18. Ne4 Rg6 19. c5 Qxd5 20. Nd6+ Rxd6 21. cxd6 Qxf3 22. gxf3 Nxh2 23. Kxh2 Be6 24. Rae1 0-0-0 25. b3 Rxd6 26. Re4 h3 27. Bc4 Bf5 28. Rh4 Rf6 29. a4 Bd7 30. Rh7 Rxf3 31. Rxf7 Rc3 32. Rg1 e4 33. Rg8+ Kc7 34. Be6 Be5+ 35. Kh1 Rd3 36. Rg1 Rd6 37. Bxh3 Rd3 38. Bf5 Rd4 39. Rg4 Rd1+ 40. Kg2 1-0

[Event "Budapest FS03 IM-B"]
[Site "Budapest"]
[Date "1994.??.??"]
[Round "8"]
[White "Kerek, Krisztian"]
[Black "Demir, Gokhan"]
[Result "0-1"]
[WhiteElo "2170"]
[BlackElo "2235"]
[PlyCount "122"]
[EventDate "1994.03.??"]
[EventType "tourn"]
[EventRounds "9"]
[EventCountry "HUN"]
[EventCategory "2"]
[SourceTitle "EXT 1997"]
[Source "ChessBase"]
[SourceDate "1996.11.15"]
[SourceVersion "1"]
[SourceVersionDate "1996.11.15"]
[SourceQuality "1"]

1. e4 c5 2. Nf3 d6 3. d4 cxd4 4. Nxd4 Nf6 5. Nc3 Nc6 6. Be2 e5 7. Nf3 h6 8. Bc4 a6 9. 0-0 b5 10. Bd5 Bd7 11. a3 Rc8 12. Be3 Na5 13. Nd2 Qc7 14. Kh1 Be7 15. f4 0-0 16. f5 Bc6 17. Qf3 Bxd5 18. Nxd5 Nxd5 19. exd5 Qd8 20. Qg4 Bg5 21. f6 Bxf6 22. Ne4 Rc4 23. b3 Rxe4 24. Qxe4 Nb7 25. Qg4 Qc8 26. Qg3 Kh7 27. Rac1 Nc5 28. Bxc5 Qxc5 29. Qd3+ Kg8 30. c4 Bg5 31. b4 Qa7 32. Rc2 Be3 33. Re1 Bd4 34. Rec1 Qb7 35. h3 a5 36. bxa5 bxc4 37. Qxc4 Bc5 38. a6 Qb6 39. a4 Ra8 40. Qb5 Qxa6 41. Qxa6 Rxa6 42. Ra2 f5 43. g3 Kf7 44. Rb1 Kf6 45. Rb8 e4 46. Re8 Kf7 47. Rc8 Kf6 48. Re8 Kf7 49. Rc8 g5 50. Rh8 f4 51. gxf4 gxf4 52. Rxh6 f3 53. Rb2 Ra7 54. Rb8 e3 55. Rhh8 e2 56. Rhf8+ Kg6 57. Rbe8 Rf7 58. Rg8+ Kf5 59. Rg3 f2 60. Rf3+ Kg6 61. Rg3+ Kh7 0-1

[Event "Budapest FS03 IM-B"]
[Site "Budapest"]
[Date "1994.??.??"]
[Round "6"]
[White "Schneider, Attila"]
[Black "Demir, Gokhan"]
[Result "1-0"]
[WhiteElo "2380"]
[BlackElo "2235"]
[PlyCount "47"]
[EventDate "1994.03.??"]
[EventType "tourn"]
[EventRounds "9"]
[EventCountry "HUN"]
[EventCategory "2"]
[SourceTitle "EXT 1997"]
[Source "ChessBase"]
[SourceDate "1996.11.15"]
[SourceVersion "1"]
[SourceVersionDate "1996.11.15"]
[SourceQuality "1"]

1. d4 Nf6 2. c4 c5 3. d5 d6 4. Nc3 g6 5. e4 Bg7 6. Nf3 0-0 7. Be2 e5 8. dxe6 fxe6 9. e5 dxe5 10. Qxd8 Rxd8 11. Nxe5 Nfd7 12. Bg5 Rf8 13. Nd3 Nc6 14. 0-0 Bxc3 15. bxc3 b6 16. Rfe1 Ba6 17. Bg4 Rf5 18. Bxf5 exf5 19. Re6 Rc8 20. Rd6 Nf8 21. Bh6 Bxc4 22. Rxc6 Rxc6 23. Ne5 Bd5 24. Rd1 1-0

[Event "Heraklio op"]
[Site "Heraklion"]
[Date "1993.??.??"]
[Round "5"]
[White "Georgiev, Krum"]
[Black "Demir, Gokhan"]
[Result "1-0"]
[WhiteElo "2475"]
[BlackElo "2165"]
[PlyCount "63"]
[EventDate "1993.??.??"]
[EventType "swiss"]
[EventRounds "9"]
[EventCountry "GRE"]
[SourceTitle "TD"]
[Source "ChessBase"]
[SourceDate "1994.03.01"]
[SourceVersion "1"]
[SourceVersionDate "1994.03.01"]
[SourceQuality "1"]

1. e4 c5 2. Nf3 d6 3. c3 Nf6 4. Be2 Nbd7 5. d3 c4 6. 0-0 e6 7. Re1 Be7 8. Bf4 cxd3 9. Bxd3 0-0 10. Nbd2 e5 11. Bg3 Nc5 12. Bc2 Nh5 13. Nf1 Be6 14. Ne3 Nf4 15. Bxf4 exf4 16. Nf5 Bxf5 17. exf5 Bf6 18. Qd2 Qb6 19. Rab1 Rfe8 20. Qxf4 Rxe1+ 21. Nxe1 Re8 22. Qd2 h6 23. Nd3 Bg5 24. Qd1 Ne4 25. Bb3 Re5 26. Bxf7+ Kf8 27. Be6 g6 28. Nxe5 Qxf2+ 29. Kh1 dxe5 30. Qd7 Be7 31. Qc8+ Kg7 32. Qg8+ 1-0

[Event "Budapest FS08 IM"]
[Site "Budapest"]
[Date "1993.??.??"]
[Round "1"]
[White "Tomcsanyi, Peter"]
[Black "Demir, Gokhan"]
[Result "0-1"]
[WhiteElo "2290"]
[BlackElo "2165"]
[PlyCount "90"]
[EventDate "1993.08.??"]
[EventType "tourn"]
[EventRounds "13"]
[EventCountry "HUN"]
[EventCategory "2"]
[SourceTitle "CBM 036 Extra"]
[Source "ChessBase"]
[SourceDate "1993.11.01"]
[SourceVersion "1"]
[SourceVersionDate "1993.11.01"]
[SourceQuality "1"]

1. e4 c5 2. Nf3 d6 3. d4 cxd4 4. Nxd4 Nf6 5. Nc3 Nc6 6. Bc4 e6 7. Be3 a6 8. Qe2 Qc7 9. Bb3 Be7 10. 0-0-0 Na5 11. g4 h5 12. h3 g6 13. g5 Nxb3+ 14. axb3 Nd7 15. f4 0-0 16. Rhf1 Re8 17. f5 Ne5 18. fxg6 fxg6 19. Qd2 Bd7 20. Nce2 Rf8 21. Nf4 Qc8 22. Rg1 a5 23. Nd3 a4 24. Kb1 axb3 25. cxb3 Nxd3 26. Qxd3 e5 27. Rc1 Qe8 28. Ne2 Bxh3 29. Nc3 Be6 30. Nd5 Bd8 31. Rgf1 Ra5 32. Rxf8+ Qxf8 33. Rf1 Qe8 34. Bd2 Rc5 35. Nf6+ Bxf6 36. gxf6 Qb5 37. Rf3 Qxd3+ 38. Rxd3 d5 39. Rg3 Kf7 40. exd5 Bf5+ 41. Ka2 Rxd5 42. Rg2 h4 43. Ka3 h3 44. Rf2 Rxd2 45. Rxd2 g5 0-1